| 000 | 00000nam##2200000za#4500 |
| 001 | 9.697294 |
| 003 | CaOODSP |
| 005 | 20210624235421 |
| 007 | cr ||||||||||| |
| 008 | 150407|2011||||xxc|||||o f|0| 0 eng|d |
| 040 | |aCaOODSP|beng |
| 043 | |an-cn--- |
| 086 | 1 |aPS108-3/2011E-PDF |
| 110 | 1 |aCanada. |bSecurity Intelligence Review Committee. |
| 245 | 10|aCSIS's role in interviewing Afghan detainees |h[electronic resource] |
| 260 | |aOttawa - Ontario : |bSecurity Intelligence Review Committee |cJuly 4, 2011. |
| 300 | |a21p. |
| 500 | |a"SIRC Study 2010-01" |
| 590 | |a13-03-Supp|b2013-02-11 |
| 690 | 07|aSecurity intelligence|2gcpds |
| 690 | 07|aTerrorism|2gcpds |
| 775 | 08|tLe rôle du SCRS dans les entrevues de détenus Afghans |w(CaOODSP)9.641354 |
| 856 | 40|ahttp://publications.gc.ca|qPDF|s745 KB|uhttps://publications.gc.ca/collections/collection_2013/csars-sirc/PS108-3-2011-eng.pdf |
| 986 | |aFile No.: 2800-153 (TD R502) |